|
|
|
|
| LEADER |
00000nam a2200000Ii 4500 |
| 001 |
DIGUAOCCTE0111 |
| 003 |
NyNyDIG |
| 006 |
m o d |
| 007 |
cr ||||||||||| |
| 008 |
250417s2024 ck a o 000 0 spa d |
| 035 |
|
|
|a (OCoLC)1510038099
|
| 040 |
|
|
|a DGITA
|b eng
|e rda
|e pn
|c DGITA
|
| 020 |
|
|
|a 9789586191715
|q pdf
|
| 020 |
|
|
|a 9789586191708
|q ePub
|
| 020 |
|
|
|z 9789586191715
|q impreso
|
| 043 |
|
|
|a s-ck---
|
| 050 |
1 |
4 |
|a HN310.C38 ebook
|
| 100 |
1 |
|
|a Uribe Castro, Hernando,
|e author.
|
| 245 |
1 |
0 |
|a Hacia un diálogo intergeneracional sobre el territorio nortecaucano /
|c autores, Hernando Uribe Castro, Carmen Jimena Holguín, Ana Milena Carvajal.
|
| 264 |
|
1 |
|a Cali, Valle del Cauca, Colombia :
|b Universidad Autónoma de Occidente,
|c 2024.
|
| 300 |
|
|
|a 1 online resource :
|b illustrations.
|
| 336 |
|
|
|a text
|b txt
|2 rdacontent
|
| 337 |
|
|
|a computer
|b c
|2 rdamedia
|
| 338 |
|
|
|a online resource
|b cr
|2 rdacarrier
|
| 347 |
|
|
|a text file
|2 rdaft
|
| 347 |
|
|
|b PDF
|
| 588 |
0 |
|
|a Online resource; title from PDF title page (Digitalia, viewed April 17, 2025)
|
| 650 |
|
0 |
|a Regional planning
|z Colombia
|z Cauca (Department)
|
| 650 |
|
0 |
|a Land use
|z Colombia
|z Cauca (Department)
|
| 700 |
1 |
|
|a Holguín, Carmen Jimena,
|e author.
|
| 700 |
1 |
|
|a Carvajal, Ana Milena,
|e author.
|
| 776 |
0 |
8 |
|i Print version:
|a Uribe Castro, Hernando.
|t Hacia un diálogo intergeneracional sobre el territorio nortecaucano.
|d Cali, Valle del Cauca, Colombia : Universidad Autónoma de Occidente, 2024
|z 9789586191715
|
| 791 |
2 |
|
|a Digitalia (Firm),
|e distributor.
|
| 793 |
0 |
|
|g Digitalia eBook Collection:
|a Universidad Autónoma de Occidente
|
| 856 |
4 |
0 |
|3 Digitalia Hispánica
|u https://www.digitaliapublishing.com/a/171300/
|
| 910 |
|
|
|a Premium collection: 2025
|